000 01845cam a22004094i 4500
003 PE-LiUPU
005 20250731175633.0
008 150625s2004 mx a rb 000 0 spa d
020 _a9706863532
020 _a9789706863539
035 _a(Sirsi) i9789706863539
040 _aPE-LiUPU
_bspa
_cPE-LiUPU
_dPE-LiUPU
_erda
049 _aPRUA
082 0 4 _a461.4
_bF78
_221
100 1 _aFournier Marcos, Celinda,
_eautor.
245 1 0 _aEstrategias de ortografía /
_cCelinda Fournier Marcos.
264 1 _aMéxico :
_bInternacional Thomson Editores,
_c2004.
300 _a251 páginas :
_bilustraciones ;
_c25 centímetros
336 _atext
_2rdacontent
337 _aunmediated
_2rdamedia
338 _avolume
_2rdacarrier
504 _aIncluye referencias bibliográficas.
505 0 _aSeparación silábica -- Acentuación -- Acentuación diacrítica -- Uso de las letras mayúsculas -- Uso de las letras B, V -- Uso de las letras C,S,Z -- Uso de la letra X -- Uso de las letras G,J -- Uso de la letra H -- Uso de las letras LL, Y -- Uso de las letras M, N, R -- Ortografía de los números.
526 _aP145
526 _aP127
526 _aP97
526 _aP35
526 _aP14
526 _aP07
541 _g0030-0001018;
650 0 4 _aEspañol
_xOrtogrfía.
942 _2ddc
_cBOOK
949 _a461.4 F78
_wDEWEY
_c1
_i56271
_d2015-10-14
_e2015-10-7
_lCCODEBUL1
_mBUL
_n4
_p12.00
_r0
_sY
_tBOOK
_u2015-6-25
_xFCE
_zUNKNOWN
_0COMPRA
_o.STAFF. Colección Ciencias Empresariales
994 _aC0
_bPEPRU
596 _a1
999 _a461.4 F78
_wDEWEY
_c45513
_i56271
_d45513
_e2015-10-7
_f2021-11-8
_g7
_lCCODEBUL1
_mBUL
_n4
_p12.00
_r0
_sY
_tBOOK
_u2015-6-25
_xEDUCACION
_PP04
_0COMPRA
_o.STAFF. Colección Ciencias Empresariales
980 _81
_gALBERTO SANCHEZ Responsable de Automatización